Skúmanie štruktúry a vlastností liatiny s guľôčkovým grafitom podrobenej tvárneniu za tepla metódou dopredného pretláčania

Salvato in:
Dettagli Bibliografici
Autore principale: Sojka, Jaroslav, 1983- (Autore)
Altri autori: Chaus, Alexander 1954- (Relatore della tesi)
Natura: Manoscritto Libro
Lingua:slovacco
Pubblicazione: Trnava : STU v Bratislave MTF, 2012
Soggetti:
Accesso online:VAIS
Tags: Aggiungi Tag
Nessun Tag, puoi essere il primo ad aggiungerne!!

MARC

LEADER 00000ntm a22000003a 4500
001 stu253834
005 20150617230228.5
008 120831s2012----xo------------------slo-d
040 |a STU  |b slo 
041 0 |a slo 
044 |a xo 
100 1 |a Sojka, Jaroslav,  |d 1983-  |4 aut  |u M3000  |U MTF Materiálovotechnologická fakulta  |T MTF Ústav výrobných technológií  |X 33669  |U M3000  |Y 83  |7 A000033669 
242 0 0 |a Investigation of microstructure and mechanical properties of nodular ductile cast iron after hot mechanical working using technology of direct extrusion  |y eng 
245 1 |a Skúmanie štruktúry a vlastností liatiny s guľôčkovým grafitom podrobenej tvárneniu za tepla metódou dopredného pretláčania 
260 |a Trnava :  |b STU v Bratislave MTF,  |c 2012 
300 |a 117 s 
500 |a Študijný program: Strojárske technológie a materiály 
500 |a Číslo a názov študijného odboru: 5.2.7 strojárske technológie a materiály 
500 |a Školiace pracovisko: Katedra zlievarenstva 
650 7 |a microstructure  |2 estusub 
650 7 |a mechanical properties  |2 estusub 
650 7 |a mechanické vlastnosti  |2 stusub 
650 7 |a mikroštruktúra  |2 stusub 
650 7 |a liatina  |2 stusub 
650 7 |a strojárske technológie a materiály  |2 stusub 
650 7 |a Machine Technologies and Materials  |2 estusub 
700 1 |a Chaus, Alexander  |d 1954-  |4 ths  |u M3000  |U MTF Materiálovotechnologická fakulta  |T MTF Ústav výrobných technológií  |X 4162  |U M3000  |Y 83  |7 A000004162 
856 4 |a info a plný text  |u http://is.stuba.sk/zp/portal_zp.pl?podrobnosti=66771  |3 VAIS 
996 |c M*DzP-330  |l MMSKP  |s P  |a 0  |w stu253834_0001